Państwa z największą liczbą pól golfowych - Statystyki

Ogólne statystyki
  • Ten quiz został rozwiązany 2 665 razy
  • Średni wynik to 12 z 14
Statystyki odpowiedzi
# Państwa % Poprawnych
16 156 Stany Zjednoczone
100%
2 564 Kanada
97%
811 Francja
95%
3 101 Wielka Brytania
94%
617 Chiny
93%
1 054 Niemcy
93%
493 Hiszpania
91%
1 584 Australia
88%
3 140 Japonia
86%
416 Nowa Zelandia
68%
365 Irlandia
67%
810 Korea Południowa
65%
650 Szwecja
63%
477 Republika Południowej Afryki
60%
Nie znaleziono quizów pasujących do podanych kryteriów
Rozkład punktacji
Procent ludzi z każdym wynikiem
Percentyl według liczby udzielonych odpowiedzi
Twoja historia wyników
Nie rozwiązałeś tego quizu